| 000 | 00530nam a2200181Ia 4500 | ||
|---|---|---|---|
| 003 | IN-BaIIA | ||
| 008 | 211028s9999 xx 000 0 eng d | ||
| 040 | _cIIA Library | ||
| 080 |
_a52-77 _bCRO |
||
| 100 |
_aCrowther, J. G. _93501 |
||
| 245 | 0 |
_aRadio astronomy and radar _cJ. G. Crowther |
|
| 260 |
_aStrand _bMethuen _c1958 |
||
| 300 | _a64p. | ||
| 650 | _aAstronomy and astrophysics thesaurus | ||
| 650 |
_aRadar astronomy _92936 |
||
| 650 |
_aRadio astronomy _92849 |
||
| 942 | _cBK | ||
| 999 |
_c1818 _d1818 |
||